Stadtgeoquiz - Uni HD - Teil 1 - Statistiken

Allgemein
  • Dieses Quiz wurde 15 mal gespielt
  • Das Durchschnittsergebnis liegt bei 3 aus 12
Antwortstatistiken
Hinweis Antwort % Korrekt
Ab wann spricht man von einer Großstadt? 100.000
87%
Welcher Kontinent besitzt den höchsten Urbanisierungsgrad (Statista, 2025)? Nordamerika
67%
Ab wie vielen Einwohner*innen wird eine Stadt in Deutschland als solche bezeichnet? 2.000
60%
Wie lautet der Fachbegriff für die Ausbreitung städtischer Lebensformen? Urbanisierung
47%
Wie viel Prozent der Menschen lebt in einer Stadt? 54%
33%
Wie viele Menschen müssen in Dänemark in einer Siedlung leben, damit man von einer Stadt sprechen kann? 250
27%
Für welche Art der Zentrenstruktur ist das Ruhrgebiet (Rhein-Ruhr-Region) ein Beispiel? Polyzentrisch
13%
Wie wird der Anteil der Bevölkerung in Städten an der Gesamtbevölkerung bezeichnet? Verstädterungsgrad
7%
Zu welchem Stadtbegriff gehören eine funktionale Gliederung und eine Zentralität? Geographisch
0%
Wie bezeichnet man Metropolkerne oder Großstädte in Stadtregionen? Kernstadt
0%
Welcher Stadtbegriff fokussiert sich auf die Ausprägung sozialer Gruppen und Milieus? Soziologisch
0%
Das Konzept von "Stadt" und "Land" ist überholt. Wie bezeichnet man das Spektrum zwischen Stadt und Land? Stadt-Land-Kontinuum
0%
Keine übereinstimmenden Quizze gefunden
Verteilung der Resultate
Anzahl Personen mit jedem Resultat
Perzentil nach korrekt beantworteten Fragen
Ihre Resultats-Entwicklung
Sie haben dieses Quiz noch nicht gespielt